00351nam a22001337a 4500003000400000008004100004082001700045100002300062245004500085260003200130300000900162502001500171650003100186OSt260424b |||||||| |||| 00| 0 eng d a634.44bS48E aSinha, Bishwamitra aEvaluation of Some Late Mango Varieties  aPusa, SamastipurbRAUc2005 a70P. bMsc.d2005 aFruit and Fruit Technology